| 000 | 00582nam a2200205Ia 4500 | ||
|---|---|---|---|
| 005 | 20230118142610.0 | ||
| 008 | 131103s9999 xx 000 0 und d | ||
| 040 | _aLoreto College | ||
| 041 | _aEnglish | ||
| 082 |
_a954.1 _bBAR |
||
| 100 | _aBarpujari,H.K. | ||
| 245 |
_aProblem of the hill tribes North - East Frontier _cH.K.Barpujari |
||
| 250 | _a1ed. | ||
| 260 |
_aGauhati : Assam _bLawyer's Book Stall _c1970 |
||
| 300 | _axi,211 p. | ||
| 504 | _aIncludes appendix,glossary,bibliography and index | ||
| 650 | _aAncient Indian History | ||
| 850 | _aLCLIB | ||
| 942 | _cBK | ||
| 999 |
_c8909 _d59388 |
||